LEADER 01162nam a2200289 u 4500 001 000000002245 003 CaOOAMICUS 005 20070226104415.0 008 940514s1990 it u000 u ita u 020 $a88-399-0081-0 035 $a10056022 040 $aPUL(R)$bita 041 1 $aita$hger 245 00$aEnciclopedia teologica /$ca cura di Peter Eicher ; edizione italiana a cura di Gianni Francesconi. 250 $a2. ed. 260 $aBrescia :$bQueriniana,$c1990. 300 $a1201 p. ;$c25 cm 500 $aTit. orig.: Neues Handbuch teologischer Grundbegriffe. 650 4$aTeologia$xEnciclopedie e dizionari.$0(OLS)http://pul/subject/25837 700 1 $aFrancesconi, Gianni.$0(OLS)http://pul/name/2425 700 1 $aEicher, Peter.$0(OLS)http://pul/name/2424 850 $aPUL 852 $aPUL$W1$xSL Cons. Gen., Altre Classi 1$y1$m2007 E$j2982$n $b $qStampati$B2982$CPULBib$Z2$F2982 $H $81 941 1 $a8 996 $6020$a88-399-0081-0$9(OLS)http://pul/number/2998 996 $6245$aEnciclopedia teologica$9(OLS)http://pul/title/3340 996 $6260$aBrescia :$bQueriniana$9(OLS)http://pul/publisher/47906 LEADER 01326nam a2200325 u 4500 001 000000042652 003 CaOOAMICUS 005 20070226114341.0 008 990305s1998 it u000 u ita u 020 $a8839903992 035 $a10816400 040 $aPUL(R)$bita$dMSA 100 1 $aBrambilla, Franco Giulio,$d1949-$0(OLS)http://pul/name/11838 245 13$aIl Crocifisso risorto :$bRisurrezione di Gesù e fede dei discepoli /$cFranco Giulio Brambilla. 260 $aBrescia :$bQueriniana,$c1998. 300 $a325 p. ;$c23 cm 490 1 $aBiblioteca di teologia contemporanea ;$v99 500 $aInclude indici. 504 $aBibliografia p. 291-313. 600 04$aIesus Christus$xResurrezione.$0(OLS)http://pul/subject/14227 650 4$aResurrezione.$0(OLS)http://pul/subject/733 830 0$aBiblioteca di teologia contemporanea ;$v99.$0(OLS)http://pul/title/7472 850 $aPUL 852 $aPUL$W1$xSL Religione 3$y85$m200 BTC 1.99$j57594$nBK-PRI$b $qDDC 21$B57594$CPULBib$Z2$F57594 $82 941 1 $a8 961 $aINV: 77621 983 0$aBTC. 996 $6020$a8839903992$9(OLS)http://pul/number/53209 996 $6245$aIl Crocifisso risorto :$bRisurrezione di Gesù e fede dei discepoli$9(OLS)http://pul/title/57548 996 $6260$aBrescia :$bQueriniana$9(OLS)http://pul/publisher/47906 LEADER 01035nam a2200265 a 4500 001 000000123231 003 CaOOAMICUS 005 20101004111829.0 008 101004t2006 enk u000 u eng r 020 $a978-0-415-43404-1 040 $aPUL$bita 082 04$a808 100 1 $aWarburton, Nigel.$0(OLS)http://pul/name/66625 245 14$aThe basics of essay writing /$cNigel Warburton. 260 $aLondon ;$aNew York :$bRoutledge,$c©2006. 300 $aix, 117 p. ;$c17 cm 650 4$aScrittura$xManuali.$0(OLS)http://pul/subject/37215 850 $aPUL 852 $aPUL$W1$xDP2 Cons. Gen., Altre Classi 3$y97$m808 WARNI 1$j141695$qDDC 21$B140720$CPULBib$Z2$F140720 $H114782 $81 941 1 $a9 996 $6020$a978-0-415-43404-1$9(OLS)http://pul/number/145519 996 $6082$a808$9(OLS)http://pul/classification/1650 996 $6245$aThe basics of essay writing$9(OLS)http://pul/title/155295 996 $6260$aLondon ;$aNew York :$bRoutledge$9(OLS)http://pul/publisher/52469 LEADER 01133nam a2200289 u 4500 001 000000059332 003 CaOOAMICUS 005 20070226120805.0 008 010626s1969 it u000 u ita u 035 $a10894225 040 $aPUL(R)$bita 100 1 $aGalbiati, Enrico.$0(OLS)http://pul/name/6467 245 12$aL'Eucaristia nella Bibbia /$cEnrico Galbiati. 260 $aMilano :$bJaca Book,$cc1969. 300 $a187 p. ;$c22 cm 490 1 $aCronache alla prova : chiesa e società.$aScrittura e tradizione.$aParole ;$v1 504 $aBibliografia: p. 187. 650 4$aEucaristia.$0(OLS)http://pul/subject/1539 830 0$aCronache alla prova : chiesa e società.$pScrittura e tradizione.$pParole ;$v1.$0(OLS)http://pul/title/75756 850 $aPUL 852 $aPUL$W1$xDP2 Religione 1$y63$m68 A 18$j77369$nBK-PRI$qStampati$B77369$CPULBib$Z2$F77369 $82 941 1 $a8 960 $aEucarestia$91539 960 $aComunione (sacramento)$91539 961 $aINV: 37656 996 $6245$aL'Eucaristia nella Bibbia$9(OLS)http://pul/title/77400 996 $6260$aMilano :$bJaca Book$9(OLS)http://pul/publisher/47900 LEADER 01959nam a2200421 u 4500 001 000000067452 003 CaOOAMICUS 005 20120123085652.0 008 020211m19961999it u000 u ita u 020 $a88-7016-230-3 (v. 1) 020 $a88-7016-275-3 (v. 2) 020 $a88-7016-314-8 (v. 3) 035 $a10920163 040 $aMSA$bita$dPUL(R) 041 1 $aita$heng 245 03$aLa Bibbia delle donne :$bun commentario /$ca cura di Carol A. Newsom e Sharon H. Ringe. 260 $aTorino :$bClaudiana,$cc1996-c1999. 300 $a3 v. ;$c24 cm 500 $aSul front. del vol. II: "edizione italiana a cura di Teresa Franzosi". 500 $aTit. orig.: The Women's Bible Commentary. 505 0 $a1. Da Genesi a Neemia. -- 2. Da Ester ai Deuterocanonici. -- 3. Le scritture apostoliche. 630 04$aBiblia.$pV.T.$xStudio.$0(OLS)http://pul/subject/1419 630 04$aBiblia.$pN.T.$xStudio.$0(OLS)http://pul/subject/9390 650 4$aDonna (teologia).$0(OLS)http://pul/subject/17230 700 1 $aNewsom, Carol A.$0(OLS)http://pul/name/45053 700 1 $aFranzosi, Teresa.$0(OLS)http://pul/name/39704 700 1 $aRinge, Sharon H.$0(OLS)http://pul/name/45054 850 $aPUL 852 $aPUL$W1$xSL Religione 1$y3$m1 L 15-16$j87262$nBK-PRI$b $qStampati$B87262$CPULBib$Z2$F87262 $H $81 852 $aPUL$W1$xSL Religione 1$y3$m1 L 15-16$j87262$nBK-PRI$b $qStampati$B87263$CPULBib$Z2$F87263 $H $81 941 1 $a8 961 $aINV: 77920; 77921 961 $aINV: 77920; 77921 996 $6020$a88-7016-230-3 (v. 1)$9(OLS)http://pul/number/87447 996 $6020$a88-7016-275-3 (v. 2)$9(OLS)http://pul/number/87448 996 $6020$a88-7016-314-8 (v. 3)$9(OLS)http://pul/number/87449 996 $6245$aLa Bibbia delle donne :$bun commentario$9(OLS)http://pul/title/89412 996 $6260$aTorino :$bClaudiana$9(OLS)http://pul/publisher/48072 LEADER 01405nam a2200301 a 4500 001 000000107656 003 CaOOAMICUS 005 20071016104814.0 008 071016s2007 vc u000 0 ita d 020 $z978-88-209-7857-0* 040 $aPUL$bita$dLDB 245 03$aLa coppia coniugale: attualità e prospettive in medicina canonistica /$ca cura di Cristiano Barbieri. 260 $aCittà del Vaticano :$bLibreria editrice vaticana,$c2007. 300 $a341 p. ;$c24 cm. 490 1 $aStudi giuridici ;$v074 500 $aIndice: p. [313]-338. 504 $aBibliografia in nota. 650 14$aMedicina legale.$0(OLS)http://pul/subject/14387 650 14$aMatrimonio (diritto canonico).$0(OLS)http://pul/subject/475 700 1 $aBarbieri, Cristiano.$0(OLS)http://pul/name/59397 830 0$aStudi giuridici (Libreria editrice Vaticana) ;$v074.$0(OLS)http://pul/title/782 850 $aPUL 852 $aPUL$W1$xSL Diritto Canonico 3$y77$m262. 99 CAN.6 2.74$j122387$qDDC 21 $B121365$CPULBib$Z2$F121365 $H105115 $82 941 1 $a9 960 $aDiritto matrimoniale canonico$9475 996 $6020$z978-88-209-7857-0*$9(OLS)http://pul/number/135936 996 $6245$aLa coppia coniugale: attualità e prospettive in medicina canonistica$9(OLS)http://pul/title/135557 996 $6260$aCittà del Vaticano :$bLibreria editrice vaticana$9(OLS)http://pul/publisher/47920 LEADER 01178nam a2200289 u 4500 001 000000073217 003 CaOOAMICUS 005 20070226122327.0 008 020627s1992 it u000 u ita u 020 $a8821169073 035 $a10935122 040 $aPUL(R)$bita 100 1 $aTomizza, Fulvio,$d1935-1999.$0(OLS)http://pul/name/48475 245 10$aDestino di frontiera :$bdialogo con Riccardo Ferrante /$cFulvio Tomizza. 260 $aGenova :$bMarietti,$c1992. 300 $a145 p. ;$c22 cm 490 1 $aTerzomillennio 650 4$aFilosofia e storia.$0(OLS)http://pul/subject/22403 651 4$aJugoslavia$xStoria$ySec. XX.$0(OLS)http://pul/subject/25627 830 0$aTerzomillennio.$0(OLS)http://pul/title/11633 850 $aPUL 852 $aPUL$W1$xDP1 Cons. Gen., Altre Classi 1$y22$m843 I 90$j94637$nBK-PRI$b $qStampati$B94637$CPULBib$Z2$F94637 $H $81 941 1 $a8 961 $aINV: 69043 996 $6020$a8821169073$9(OLS)http://pul/number/94460 996 $6245$aDestino di frontiera :$bdialogo con Riccardo Ferrante$9(OLS)http://pul/title/96253 996 $6260$aGenova :$bMarietti$9(OLS)http://pul/publisher/48994 LEADER 01573nam a2200349 a 4500 001 000000172469 003 CaOOAMICUS 005 20190805104149.0 008 190805s2002 ne ao 001 udeng r 020 $z90-04-11855-1 032 $aLibriCat 040 $aPUL$bita 041 1 $alat$afre 082 00$a186.4 245 00$aMarsilio Ficino : $bhis theology, his philosophy, his legacy /$cedited by Michael J.B. Allen and Valery Rees with Martin Davies. 260 $aLeiden ;$aBoston ;$aKöln :$bBrill,$c2002. 300 $axxii, 493 p., [9 p. di tav.] :$bill. e foto ;$c24 cm. 490 1 $aBrill's studies in intellectual history ;$a108 504 $aBibliografia in nota e alle p. 443-466. 600 14$aFicino, Marsilio,$d1433-1499.$0(OLS)http://pul/subject/4859 700 1 $aDavies, Martin.$0(OLS)http://pul/name/110726 700 1 $aAllen, Michael J. B.$0(OLS)http://pul/name/110724 700 1 $aRees, Valery.$0(OLS)http://pul/name/110725 830 0$aBrill's studies in intellectual history ;$v108.$0(OLS)http://pul/title/88656 850 $aPUL 852 $aPUL$W1$xSL Filosofia 3$y81$m186. 4 FICMA 1$j196389$qDDC 21$B201154$CPULBib$Z2$F201154 $H133312 $82 941 1 $a9 996 $6020$z90-04-11855-1$9(OLS)http://pul/number/166549 996 $6082$a186.4$9(OLS)http://pul/classification/110 996 $6245$aMarsilio Ficino : $bhis theology, his philosophy, his legacy$9(OLS)http://pul/title/213410 996 $6260$aLeiden ;$aBoston ;$aKöln :$bBrill$9(OLS)http://pul/publisher/68644